000 00974nam a22002537a 4500
008 081211t xxu||||| |||| 00| 0 eng d
010 _aENG-92114
020 _a9788124114292
_c250.00
035 _aEN-75647
037 _bDBAD / PUB
040 _adpl
_bEnglish
082 _a303.6
100 _aToscano, Roberto
245 _aBeyond violence:
_cby Roberto Toscano [and] Ramin Jahanbegloo
_bprinciples for an open century /
260 _aNew Delhi
_bHar-Anand Publications
_c2009
270 _aE-49/3, Okhla Industrial Area, Phase-II,
_bNew Delhi
_e110020
300 _a128p.
_c21cm (Hb)
500 _aIncludes index
650 _aPeace
_xReligious aspects
650 _aViolence
_xReligious aspects
700 _aJahanbegloo, Ramin
942 _2ddc
_cEN
_mTOS
_h303.6
999 _c19679
_d19679